00457nam a2200133Ia 4500008004100000082001800041100003100059245004500090260002700135300001100162942001200173999001900185952011900204210430s9999 xx 000 0 und d a620.11 C257 M aFrancois Cardarelli953969 aMaterials Handbook cFrancois Cardarelli aLondonbSpringerc2008 a1340p. cBK2ddc c564358d564358 001040708NFICaSCMEbSCMEcGENd0000-00-00l1o620.11 C257 MpSCME-3557r2022-10-27s2022-10-27w2021-04-30yBK